[Event "MNT-chT 1st League"]
[Site "Podgorica"]
[Date "2018.10.20"]
[Round "8.4"]
[White "Benderac, Srdjan"]
[Black "Kadic, Branislav"]
[Result "1-0"]
[WhiteElo "2328"]
[BlackElo "2021"]
[PlyCount "68"]
[EventDate "2018.09.07"]
[EventType "team-tourn"]
[EventRounds "9"]
[EventCountry "MNE"]
[SourceTitle "CBM 187 Extra"]
[Source "ChessBase"]
[SourceDate "2018.11.04"]
[SourceVersion "1"]
[SourceVersionDate "2018.11.04"]
[SourceQuality "1"]
[WhiteTeam "Niksic"]
[BlackTeam "Dijagonale"]
[WhiteTeamCountry "MNE"]
[BlackTeamCountry "MNE"]

1. e4 g6 2. d4 Bg7 3. Nc3 c6 4. Nf3 Nf6 5. e5 Nd5 6. Ne4 0-0 7. c4 Nc7 8. Bf4 b5 9. c5 Nd5 10. Bd2 a5 11. Be2 a4 12. 0-0 h6 13. Qc1 Kh7 14. Bd3 Na6 15. h4 h5 16. Ng3 Kg8 17. Bh6 Nac7 18. Bxg7 Kxg7 19. Nxh5+ Kh7 20. Nf4 Nxf4 21. Qxf4 Ne6 22. Qg3 Kg7 23. h5 Qe8 24. Nh4 g5 25. Nf5+ Kh8 26. Qg4 f6 27. Rfe1 fxe5 28. Rxe5 Rf6 29. Rae1 Qf8 30. Qe4 Qf7 31. h6 Qh7 32. Qe3 Qf7 33. Ng7 Rxh6 34. Nxe6 dxe6 1-0

[Event "MNT-chT"]
[Site "Montenegro"]
[Date "2017.09.30"]
[Round "8.1"]
[White "Cerovic, Zoran"]
[Black "Benderac, Srdjan"]
[Result "1/2-1/2"]
[WhiteElo "2032"]
[BlackElo "2330"]
[PlyCount "33"]
[EventDate "2017.09.23"]
[EventType "team"]
[EventRounds "9"]
[EventCountry "MNE"]
[SourceTitle "EXT 2019"]
[Source "ChessBase"]
[SourceDate "2018.10.10"]
[SourceVersion "1"]
[SourceVersionDate "2018.10.10"]
[SourceQuality "1"]
[WhiteTeam "Niksic"]
[BlackTeam "Mladost"]
[WhiteTeamCountry "MNE"]
[BlackTeamCountry "MNE"]

1. e4 e5 2. Nf3 Nc6 3. d4 exd4 4. Nxd4 Nf6 5. Nc3 Bb4 6. Nxc6 bxc6 7. Bd3 0-0 8. 0-0 d5 9. exd5 cxd5 10. h3 c6 11. Qf3 Re8 12. Bg5 Be7 13. Rfe1 Be6 14. Ne2 Nd7 15. Bxe7 Qxe7 16. Nd4 Qd6 17. b4 1/2-1/2

[Event "MNT-chT"]
[Site "Montenegro"]
[Date "2017.09.23"]
[Round "1.5"]
[White "Batricevic, Sasa"]
[Black "Benderac, Srdjan"]
[Result "0-1"]
[WhiteElo "2214"]
[BlackElo "2330"]
[PlyCount "124"]
[EventDate "2017.09.23"]
[EventType "team"]
[EventRounds "9"]
[EventCountry "MNE"]
[SourceTitle "CBM 180 Extra"]
[Source "ChessBase"]
[SourceDate "2017.10.06"]
[SourceVersion "1"]
[SourceVersionDate "2017.10.06"]
[SourceQuality "1"]
[WhiteTeam "Crnogorac"]
[BlackTeam "Mladost"]
[WhiteTeamCountry "MNE"]
[BlackTeamCountry "MNE"]

1. e4 e5 2. Nf3 Nc6 3. Bb5 a6 4. Ba4 d6 5. d4 b5 6. Bb3 Nxd4 7. Nxd4 exd4 8. c3 d3 9. Qxd3 Nf6 10. 0-0 Be7 11. a4 Bd7 12. Bg5 0-0 13. Bc2 g6 14. axb5 Bxb5 15. c4 Bc6 16. Nc3 Nd7 17. Bxe7 Qxe7 18. f4 Rab8 19. Rab1 a5 20. Qh3 Nc5 21. f5 Qg5 22. Nd5 Bxd5 23. exd5 Rbe8 24. Rf2 Re3 25. g3 Rfe8 26. Rbf1 Re1 27. fxg6 fxg6 28. Rf4 Qe5 29. Qh6 Rxf1+ 30. Rxf1 Qe3+ 31. Qxe3 Rxe3 32. Kf2 Re8 33. Ra1 Rb8 34. Ra2 Rb4 35. b3 Nxb3 36. Bxb3 Rxb3 37. Rxa5 Rc3 38. Ra4 Kf7 39. Ke2 Ke7 40. Kd2 Rf3 41. Ra8 Rf2+ 42. Ke3 Rxh2 43. Rc8 Kd7 44. Rg8 Rc2 45. Rg7+ Kc8 46. Rxh7 Rxc4 47. Rg7 Rg4 48. Kf3 Rg5 49. Kf4 Rf5+ 50. Kg4 Rxd5 51. Rxg6 c5 52. Rg7 c4 53. Ra7 c3 54. Ra2 Rd2 55. Ra3 Rd3 56. Ra2 d5 57. Kf4 Rd2 58. Ra5 d4 59. Rc5+ Kd7 60. g4 c2 61. g5 d3 62. g6 Ke7 0-1

[Event "MNT-chT"]
[Site "Niksic"]
[Date "2016.08.13"]
[Round "8.3"]
[White "Benderac, Srdjan"]
[Black "Stamenkovic, Aleksandar"]
[Result "1/2-1/2"]
[WhiteElo "2338"]
[BlackElo "2254"]
[PlyCount "28"]
[EventDate "2016.08.06"]
[EventType "team-tourn"]
[EventRounds "9"]
[EventCountry "MNE"]
[SourceTitle "CBM 173 Extra"]
[Source "ChessBase"]
[SourceDate "2016.08.29"]
[SourceVersion "1"]
[SourceVersionDate "2016.08.29"]
[SourceQuality "1"]

1. e4 e5 2. Nf3 Nc6 3. Bc4 Bc5 4. c3 Nf6 5. d3 d6 6. Nbd2 a6 7. Bb3 0-0 8. 0-0 Be6 9. Nc4 b5 10. Ne3 Bb6 11. a4 Qd7 12. Ng5 Bxb3 13. Qxb3 h6 14. Nf3 Ne7 1/2-1/2

[Event "MNT-chT"]
[Site "Niksic"]
[Date "2016.08.12"]
[Round "7.3"]
[White "Mrsevic, Miroslav"]
[Black "Benderac, Srdjan"]
[Result "0-1"]
[WhiteElo "2255"]
[BlackElo "2338"]
[PlyCount "96"]
[EventDate "2016.08.06"]
[EventType "team-tourn"]
[EventRounds "9"]
[EventCountry "MNE"]
[SourceTitle "CBM 173 Extra"]
[Source "ChessBase"]
[SourceDate "2016.08.29"]
[SourceVersion "1"]
[SourceVersionDate "2016.08.29"]
[SourceQuality "1"]

1. e4 e5 2. Bc4 Nf6 3. d3 Nc6 4. Nc3 Bb4 5. Nge2 d5 6. exd5 Nxd5 7. 0-0 Be6 8. Bd2 0-0 9. Bb5 Nce7 10. d4 Bxc3 11. bxc3 e4 12. f3 a6 13. Ba4 e3 14. Bc1 b5 15. Bb3 Re8 16. a4 c6 17. Qe1 Nf5 18. axb5 axb5 19. Rxa8 Qxa8 20. g4 Nd6 21. Qg3 Qb8 22. h4 Nb6 23. Re1 Bd5 24. Nf4 Ndc4 25. Kg2 Qd8 26. Re2 Qd7 27. h5 g6 28. Qh4 Qe7 29. Qg3 Qg5 30. Re1 Qd8 31. hxg6 hxg6 32. Rh1 Kg7 33. g5 Rh8 34. Rxh8 Kxh8 35. Ne2 Kg8 36. Qf4 Qe8 37. Kg3 Qe7 38. Kg2 Kg7 39. Kf1 Qe6 40. Kg2 Qe7 41. Kg3 Qe6 42. Qc7 Bxf3 43. Kxf3 Qd5+ 44. Kg4 Qf5+ 45. Kh4 Qf2+ 46. Ng3 e2 47. Bd2 Nd5 48. Qxc6 Nxd2 0-1

[Event "MNT-chT1"]
[Site "Bar"]
[Date "2015.09.28"]
[Round "3"]
[White "Benderac, Srdjan"]
[Black "Miljanic, Boro"]
[Result "1/2-1/2"]
[WhiteElo "2296"]
[BlackElo "2378"]
[PlyCount "20"]
[EventDate "2015.09.26"]
[EventType "team-tourn"]
[EventRounds "9"]
[EventCountry "MNE"]
[SourceTitle "EXT 2017"]
[Source "ChessBase"]
[SourceDate "2016.10.25"]
[SourceVersion "1"]
[SourceVersionDate "2016.10.25"]
[SourceQuality "1"]

1. e4 g6 2. d4 Bg7 3. Nc3 c6 4. Nf3 d6 5. h3 Nd7 6. Bg5 b5 7. Bd3 b4 8. Ne2 c5 9. 0-0 Bb7 10. c3 cxd4 1/2-1/2

[Event "MNT-chT"]
[Site "Ulcinj"]
[Date "2014.09.28"]
[Round "9.4"]
[White "Raicevic, Momcilo"]
[Black "Benderac, Srdjan"]
[Result "1/2-1/2"]
[WhiteElo "2372"]
[BlackElo "2300"]
[PlyCount "21"]
[EventDate "2014.09.20"]
[EventType "team-tourn"]
[EventRounds "9"]
[EventCountry "MNE"]
[SourceTitle "CBM 162 Extra"]
[Source "ChessBase"]
[SourceDate "2014.10.17"]
[SourceVersion "1"]
[SourceVersionDate "2014.10.17"]
[SourceQuality "1"]
[WhiteTeam "Rudar"]
[BlackTeam "Mladost"]
[WhiteTeamCountry "MNE"]
[BlackTeamCountry "MNE"]

1. c4 e5 2. Nc3 Nf6 3. g3 Bb4 4. Bg2 0-0 5. Nf3 e4 6. Nd4 Re8 7. Nd5 Bf8 8. 0-0 Nc6 9. Nxc6 dxc6 10. Nxf6+ Qxf6 11. d3 1/2-1/2

[Event "MNT-chT"]
[Site "Ulcinj"]
[Date "2014.09.26"]
[Round "7.4"]
[White "Musovic, Armin"]
[Black "Benderac, Srdjan"]
[Result "0-1"]
[WhiteElo "2187"]
[BlackElo "2300"]
[PlyCount "118"]
[EventDate "2014.09.20"]
[EventType "team-tourn"]
[EventRounds "9"]
[EventCountry "MNE"]
[SourceTitle "CBM 162 Extra"]
[Source "ChessBase"]
[SourceDate "2014.10.17"]
[SourceVersion "1"]
[SourceVersionDate "2014.10.17"]
[SourceQuality "1"]
[WhiteTeam "Ljubomir Djurdjic"]
[BlackTeam "Mladost"]
[WhiteTeamCountry "MNE"]
[BlackTeamCountry "MNE"]

1. a3 Nf6 2. Nc3 c5 3. d3 d5 4. Bg5 d4 5. Ne4 Nxe4 6. dxe4 Qd6 7. Qc1 Nc6 8. Nf3 e5 9. g3 h6 10. Bd2 Be7 11. e3 0-0 12. exd4 cxd4 13. Be2 f5 14. Nh4 fxe4 15. Bxh6 gxh6 16. Qxh6 Na5 17. Ng6 Qf6 18. b4 d3 19. cxd3 Nb3 20. Nxe7+ Qxe7 21. dxe4 Rf6 22. Qg5+ Qg7 23. Bc4+ Be6 24. Qxg7+ Kxg7 25. Bxb3 Bxb3 26. Rc1 Raf8 27. 0-0 b5 28. Rc7+ Kg6 29. Rb1 Bc4 30. Rb2 Ra6 31. Rd2 Rxa3 32. Rd6+ Rf6 33. Rxf6+ Kxf6 34. f4 exf4 35. gxf4 Rf3 36. Rc6+ Ke7 37. f5 Rf4 38. Kg2 Rxe4 39. Rc7+ Kf6 40. Rxa7 Kxf5 41. Kf3 Rd4 42. Rh7 Rd3+ 43. Kf2 Rb3 44. Ke1 Rxb4 45. Kd2 Rb3 46. Rh5+ Kg4 47. Rh7 Rh3 48. Rg7+ Kf4 49. Rg2 Ra3 50. Rg7 Ke4 51. Rg4+ Kd5 52. h4 Rd3+ 53. Kc2 Rh3 54. Rg5+ Kd4 55. Rg4+ Kc5 56. Rg5+ Kb4 57. h5 Rh2+ 58. Kb1 Bd3+ 59. Ka1 Kb3 0-1

[Event "MNT-chT"]
[Site "Cetinje"]
[Date "2013.06.27"]
[Round "4.3"]
[White "Benderac, Srdjan"]
[Black "Vlatkovic, Milos"]
[Result "1/2-1/2"]
[WhiteElo "2301"]
[BlackElo "2339"]
[PlyCount "41"]
[EventDate "2013.06.24"]
[EventType "team-tourn"]
[EventRounds "9"]
[EventCountry "MNE"]
[SourceTitle "CBM 155 Extra"]
[Source "ChessBase"]
[SourceDate "2013.08.26"]
[SourceVersion "1"]
[SourceVersionDate "2013.08.26"]
[SourceQuality "1"]
[WhiteTeam "Niksic"]
[BlackTeam "Bijela Kruso Niskogradnja"]
[WhiteTeamCountry "MNE"]
[BlackTeamCountry "MNE"]

1. e4 e5 2. Nf3 Nf6 3. Nc3 Bb4 4. Bc4 0-0 5. 0-0 Bxc3 6. dxc3 d6 7. Bg5 h6 8. Bh4 Be6 9. Qe2 Bxc4 10. Qxc4 Nbd7 11. Rad1 Qc8 12. Rfe1 Nh5 13. Nd2 Nb8 14. Qb3 Qg4 15. Bg3 Nxg3 16. hxg3 Qe6 17. Nf1 Qxb3 18. cxb3 a5 19. Ne3 g6 20. g4 Kg7 21. f3 1/2-1/2

[Event "MNT-chT"]
[Site "Cetinje"]
[Date "2013.06.24"]
[Round "1.3"]
[White "Benderac, Srdjan"]
[Black "Tadic, Branko"]
[Result "0-1"]
[WhiteElo "2301"]
[BlackElo "2513"]
[PlyCount "98"]
[EventDate "2013.06.24"]
[EventType "team-tourn"]
[EventRounds "9"]
[EventCountry "MNE"]
[SourceTitle "CBM 155 Extra"]
[Source "ChessBase"]
[SourceDate "2013.08.26"]
[SourceVersion "1"]
[SourceVersionDate "2013.08.26"]
[SourceQuality "1"]
[WhiteTeam "Niksic"]
[BlackTeam "Mornar"]
[WhiteTeamCountry "MNE"]
[BlackTeamCountry "MNE"]

1. e4 d6 2. d4 Nf6 3. Nc3 e5 4. Nf3 Nbd7 5. Bc4 Be7 6. 0-0 0-0 7. Re1 c6 8. a4 exd4 9. Nxd4 Ne5 10. Bf1 Re8 11. a5 Bd7 12. Bf4 b5 13. axb6 axb6 14. Rxa8 Qxa8 15. Nf5 Bxf5 16. exf5 Bf8 17. Ne4 Nxe4 18. Rxe4 Qa2 19. b3 b5 20. f6 g6 21. Bg3 Re6 22. f4 Nd7 23. Rxe6 fxe6 24. f5 exf5 25. c4 b4 26. Bxd6 Nxf6 27. c5 Qa7 28. Bc4+ Kg7 29. h3 Bxd6 30. Qxd6 Qd7 31. Qe5 Qd8 32. Kh1 h5 33. Qe6 Ne4 34. Qxc6 Qe7 35. Qd5 Nxc5 36. Qg8+ Kh6 37. Qh8+ Kg5 38. g3 f4 39. gxf4+ Kxf4 40. Qb8+ Qe5 41. Qxb4 Kg3 42. Bf1 Kf2 43. Qc4 Ne6 44. b4 Nd4 45. Qa2+ Kxf1 46. Qg2+ Ke1 47. Qxg6 Qd5+ 48. Qg2 Qxg2+ 49. Kxg2 h4 0-1

[Event "Srpska Republic-chT 1st League"]
[Site "Banja Vrucica"]
[Date "2012.08.16"]
[Round "6"]
[White "Gavric, Miladin"]
[Black "Benderac, Srdjan"]
[Result "0-1"]
[WhiteElo "2400"]
[BlackElo "2322"]
[PlyCount "92"]
[EventDate "2012.08.11"]
[EventType "team-tourn"]
[EventRounds "7"]
[EventCountry "BIH"]
[SourceTitle "CBM 149 Extra"]
[Source "ChessBase"]
[SourceDate "2012.08.24"]
[SourceVersion "1"]
[SourceVersionDate "2012.08.24"]
[SourceQuality "1"]
[WhiteTeam "Banja Luka"]
[BlackTeam "Sokolac"]
[WhiteTeamCountry "SRB"]
[BlackTeamCountry "SRB"]

1. e4 c5 2. Nf3 d6 3. Bb5+ Bd7 4. Bxd7+ Nxd7 5. 0-0 Ngf6 6. Re1 e6 7. d4 cxd4 8. Nxd4 a6 9. c4 Be7 10. b3 Qa5 11. Bb2 Ne5 12. Nc3 g5 13. Qd2 Rg8 14. Rad1 Nfd7 15. Nce2 Qxd2 16. Rxd2 Nc5 17. Ng3 Ncd3 18. Red1 Nxb2 19. Rxb2 g4 20. Nde2 Rc8 21. a4 Rc6 22. Nd4 Rc5 23. Rc2 Kd7 24. Kf1 Bg5 25. Kg1 Ke7 26. Rf1 Bf6 27. Rd2 h5 28. Rfd1 h4 29. Ngf5+ exf5 30. Nxf5+ Ke8 31. Nxd6+ Kf8 32. Nxb7 Rc7 33. Nd6 Rg6 34. Rd5 h3 35. c5 hxg2 36. Kxg2 Nc6 37. Nf5 a5 38. Rd6 Be7 39. R6d5 Re6 40. f3 gxf3+ 41. Kxf3 Rb7 42. Kf4 Rb4 43. Re1 Rxb3 44. h4 Nb4 45. Rc1 Nxd5+ 46. exd5 Rb4+ 0-1

[Event "Srpska Republic-chT 1st League"]
[Site "Banja Vrucica"]
[Date "2012.08.14"]
[Round "4"]
[White "Benderac, Srdjan"]
[Black "Tesic, Dragan"]
[Result "1/2-1/2"]
[WhiteElo "2322"]
[BlackElo "2361"]
[PlyCount "100"]
[EventDate "2012.08.11"]
[EventType "team-tourn"]
[EventRounds "7"]
[EventCountry "BIH"]
[SourceTitle "CBM 149 Extra"]
[Source "ChessBase"]
[SourceDate "2012.08.24"]
[SourceVersion "1"]
[SourceVersionDate "2012.08.24"]
[SourceQuality "1"]
[WhiteTeam "Sokolac"]
[BlackTeam "Brcko Jedinstvo"]
[WhiteTeamCountry "SRB"]
[BlackTeamCountry "SRB"]

1. e4 c6 2. d4 d5 3. exd5 cxd5 4. c4 Nf6 5. Nc3 g6 6. Qb3 Bg7 7. cxd5 0-0 8. Be2 Na6 9. Bf3 Qb6 10. Be3 Qxb3 11. axb3 Nb4 12. Kd2 a5 13. Nge2 Rd8 14. Rhc1 Ra6 15. h3 h5 16. Nf4 Bf5 17. Nb5 Rb6 18. Rxa5 Nbxd5 19. Nxd5 Nxd5 20. Bxd5 Rxd5 21. Rc5 Rd7 22. d5 Rc6 23. Rxc6 Rxd5+ 24. Nd4 Rxa5 25. Rc7 Rd5 26. Kc3 Rd7 27. Rxd7 Bxd7 28. Kc4 e5 29. Nb5 Be6+ 30. Kc5 Bxb3 31. Nc3 f5 32. g3 Bf6 33. Nd5 Bd8 34. Kd6 e4 35. Bb6 Bxb6 36. Nxb6 h4 37. gxh4 f4 38. Nd7 e3 39. fxe3 fxe3 40. Ne5 e2 41. Nf3 Kf7 42. Ke5 Be6 43. Kf4 Bd5 44. Ne1 Kf6 45. Ke3 Bc4 46. Nf3 b6 47. Kf2 Kf5 48. Ke3 Kf6 49. Kf2 Kf5 50. Ke3 Kf6 1/2-1/2

[Event "MNT-chT"]
[Site "Cetinje"]
[Date "2012.08.09"]
[Round "7"]
[White "Kosic, Dragan"]
[Black "Benderac, Srdjan"]
[Result "1-0"]
[WhiteElo "2526"]
[BlackElo "2322"]
[PlyCount "51"]
[EventDate "2012.08.03"]
[EventType "team-tourn"]
[EventRounds "9"]
[EventCountry "MNE"]
[SourceTitle "CBM 149 Extra"]
[Source "ChessBase"]
[SourceDate "2012.08.24"]
[SourceVersion "1"]
[SourceVersionDate "2012.08.24"]
[SourceQuality "1"]

1. d4 Nf6 2. c4 c5 3. d5 b5 4. Nf3 Bb7 5. Nc3 b4 6. Na4 Qa5 7. b3 e6 8. dxe6 dxe6 9. e3 Nbd7 10. Bd3 Rd8 11. Qc2 Bc6 12. 0-0 Qc7 13. Bb2 Bd6 14. h3 Qb7 15. Qe2 Rg8 16. Rfd1 g5 17. Bxh7 g4 18. Ne1 Nxh7 19. Rxd6 Bxg2 20. hxg4 Ng5 21. Nxg2 Nf3+ 22. Kf1 Rxg4 23. e4 Nh2+ 24. Kg1 Rg6 25. Kxh2 Ke7 26. Rad1 1-0

[Event "MNT-chT"]
[Site "Cetinje"]
[Date "2012.08.03"]
[Round "1"]
[White "Benderac, Srdjan"]
[Black "Borozan, Nikola"]
[Result "1/2-1/2"]
[WhiteElo "2322"]
[BlackElo "2075"]
[PlyCount "33"]
[EventDate "2012.08.03"]
[EventType "team-tourn"]
[EventRounds "9"]
[EventCountry "MNE"]
[SourceTitle "CBM 149 Extra"]
[Source "ChessBase"]
[SourceDate "2012.08.24"]
[SourceVersion "1"]
[SourceVersionDate "2012.08.24"]
[SourceQuality "1"]

1. e4 e5 2. Nf3 Nc6 3. Bc4 Bc5 4. c3 Nf6 5. d3 d6 6. Nbd2 Bb6 7. Bb3 Ne7 8. Nc4 Ng6 9. h3 h6 10. 0-0 Nh7 11. d4 Qf6 12. Ba4+ c6 13. dxe5 dxe5 14. Nd6+ Ke7 15. Nf5+ Kf8 16. Qd6+ Qxd6 17. Nxd6 1/2-1/2

[Event "MNT CupT"]
[Site "Cetinje"]
[Date "2012.05.27"]
[Round "3"]
[White "Benderac, Srdjan"]
[Black "Miladinovic, Igor"]
[Result "0-1"]
[WhiteElo "2326"]
[BlackElo "2562"]
[PlyCount "56"]
[EventDate "2012.05.25"]
[EventType "team-swiss"]
[EventRounds "5"]
[EventCountry "MNE"]
[SourceTitle "CBM 148 Extra"]
[Source "ChessBase"]
[SourceDate "2012.06.22"]
[SourceVersion "1"]
[SourceVersionDate "2012.06.22"]
[SourceQuality "1"]

1. e4 c5 2. Nf3 Nc6 3. Nc3 e6 4. d4 cxd4 5. Nxd4 Qc7 6. Be2 a6 7. 0-0 Nf6 8. Kh1 Nxd4 9. Qxd4 Bc5 10. Qd2 h6 11. f4 d6 12. a3 Bd7 13. Qd3 Bc6 14. b4 Ba7 15. a4 0-0 16. b5 Bd7 17. Bb2 Rfc8 18. Rad1 axb5 19. axb5 Qc5 20. Qxd6 Qxd6 21. Rxd6 Bc5 22. Rd3 Bb4 23. e5 Nd5 24. Nxd5 exd5 25. Rb3 Rxc2 26. Bd3 Rd2 27. Rb1 Ra2 28. Rxb4 Rxd3 0-1

[Event "MNT-chT"]
[Site "Tivat"]
[Date "2011.10.15"]
[Round "8.5"]
[White "Potpara, Nikola"]
[Black "Benderac, Srdjan"]
[Result "0-1"]
[WhiteElo "2181"]
[BlackElo "2332"]
[PlyCount "84"]
[EventDate "2011.10.08"]
[EventType "team-tourn"]
[EventRounds "9"]
[EventCountry "MNE"]
[SourceTitle "CBM 144 Extra"]
[Source "ChessBase"]
[SourceDate "2011.10.28"]
[SourceVersion "1"]
[SourceVersionDate "2011.10.28"]
[SourceQuality "1"]
[WhiteTeam "Bar Rumija"]
[BlackTeam "Cetinje"]
[WhiteTeamCountry "MNE"]
[BlackTeamCountry "MNE"]

1. d4 Nf6 2. c4 g6 3. Nc3 Bg7 4. e4 d6 5. Nf3 0-0 6. Be2 e5 7. 0-0 Nc6 8. d5 Ne7 9. Ne1 Nd7 10. f3 f5 11. g4 h6 12. h4 Kh8 13. Be3 Ng8 14. Ng2 f4 15. Bf2 b6 16. b4 a5 17. a3 Rf7 18. Na4 Bf8 19. Qb3 Be7 20. c5 bxc5 21. bxc5 Qf8 22. Rfc1 dxc5 23. Qc3 Ngf6 24. Nxc5 Bxc5 25. Bxc5 Qxc5+ 26. Qxc5 Nxc5 27. Rxc5 Bxg4 28. fxg4 Nxe4 29. Rc6 Nd6 30. Bd3 e4 31. Rxd6 cxd6 32. Bxe4 f3 33. Rf1 Raf8 34. Bxg6 Rf6 35. h5 fxg2 36. Rxf6 Rxf6 37. Bf5 Rxf5 38. gxf5 Kg7 39. Kxg2 Kf6 40. Kf3 Kxf5 41. a4 Ke5 42. Kg4 Ke4 0-1

[Event "MNT-chT"]
[Site "Tivat"]
[Date "2011.10.10"]
[Round "3.4"]
[White "Mrsevic, Miroslav"]
[Black "Benderac, Srdjan"]
[Result "1-0"]
[WhiteElo "2259"]
[BlackElo "2332"]
[PlyCount "101"]
[EventDate "2011.10.08"]
[EventType "team-tourn"]
[EventRounds "9"]
[EventCountry "MNE"]
[SourceTitle "CBM 144 Extra"]
[Source "ChessBase"]
[SourceDate "2011.10.28"]
[SourceVersion "1"]
[SourceVersionDate "2011.10.28"]
[SourceQuality "1"]
[WhiteTeam "Bijelo Polje Djurdjic"]
[BlackTeam "Cetinje"]
[WhiteTeamCountry "MNE"]
[BlackTeamCountry "MNE"]

1. g3 e5 2. c3 d5 3. d4 exd4 4. cxd4 c5 5. Nf3 Nc6 6. Nc3 Nf6 7. Bg2 Be7 8. 0-0 0-0 9. Bg5 cxd4 10. Nxd4 h6 11. Be3 Re8 12. Rc1 Bf8 13. Nxc6 bxc6 14. Na4 Qa5 15. Rxc6 Bd7 16. Bd2 Bb4 17. Rc5 Bxa4 18. Rxa5 Bxd1 19. Bxb4 Bxe2 20. Re1 Rad8 21. Rxa7 d4 22. Bd2 d3 23. Ra4 Rc8 24. Rd4 Ng4 25. a4 Rc2 26. Bc3 Rc8 27. a5 Ne5 28. a6 Nc6 29. Bxc6 Rxc6 30. Rd8+ Kh7 31. a7 Ra6 32. a8Q Rxa8 33. Rxa8 d2 34. Bxd2 Rxd2 35. Rb1 Bf3 36. Ra4 f5 37. Kf1 Be4 38. Rxe4 fxe4 39. b4 e3 40. fxe3 Rxh2 41. Rb3 Rd2 42. b5 Rd7 43. Ke2 Kg6 44. b6 Rb7 45. Kd3 Kf5 46. Kd4 g5 47. Kd5 h5 48. e4+ Kf6 49. Rf3+ Ke7 50. Kc6 Rd7 51. Rf7+ 1-0

[Event "MNT CupT"]
[Site "Tivat"]
[Date "2011.05.01"]
[Round "4"]
[White "Benderac, Srdjan"]
[Black "Saranovic, Mitar"]
[Result "1-0"]
[WhiteElo "2331"]
[BlackElo "2149"]
[PlyCount "51"]
[EventDate "2011.04.28"]
[EventType "team-tourn"]
[EventRounds "5"]
[EventCountry "MNE"]
[SourceTitle "CBM 142 Extra"]
[Source "ChessBase"]
[SourceDate "2011.06.27"]
[SourceVersion "1"]
[SourceVersionDate "2011.06.27"]
[SourceQuality "1"]

1. e4 c5 2. Nf3 d6 3. d4 cxd4 4. Nxd4 Nf6 5. Nc3 a6 6. Bg5 e6 7. f4 Qc7 8. Qe2 Be7 9. 0-0-0 Nc6 10. g3 Bd7 11. Bg2 Nxd4 12. Rxd4 Bc6 13. Kb1 0-0 14. Rhd1 e5 15. R4d3 Rfe8 16. g4 h6 17. h4 hxg5 18. hxg5 exf4 19. Rh3 g6 20. Qf2 Kg7 21. Qxf4 Rh8 22. Rf1 Rxh3 23. gxf6+ Kg8 24. Bxh3 Bf8 25. g5 Qa5 26. Rh1 1-0